| 000 | 01371cam a22002891i 4500 | ||
|---|---|---|---|
| 003 | SA-RiAUC | ||
| 005 | 20250716065352.0 | ||
| 008 | 250714s2005 xx g 000 0 ara c | ||
| 040 |
_aSA-JeALM _bara _cSA-RiAUC _erda |
||
| 082 | 0 | 4 |
_a213 _qSA-RiAUC |
| 090 |
_a213 _bح ن ب |
||
| 100 | 1 |
_aالحنبلي، عبد الله بن خلف بن دحمان، _d1292-1349 هجري _eمؤلف. |
|
| 245 | 1 | 2 |
_aالخطب المنبرية العصرية / _cعبد الله بن خلف بن دحيان الحنبلي ؛ قدم له محمد بن سليمان الجراح ؛ تحقيق وتعليق محمد بن ناصر العجمي. |
| 250 | _aالطبعة الثانية. | ||
| 264 | 1 |
_aالكويت : _bوزارة الاوقاف والشئون الاسلامية . المراقبة الثقافية، _c2005 |
|
| 300 |
_a267 صفحة ؛ _c24 سم |
||
| 336 |
_aنص _btxt _2rdacontent _3كتاب |
||
| 337 |
_aبدون وسيط _bn _2rdamedia |
||
| 338 |
_aمجلد _bnc _2rdacarrier |
||
| 650 | 7 |
_aالخطب الدينية الإسلامية _2aucsh |
|
| 650 | 7 |
_aالدعوة الإسلامية _2aucsh |
|
| 650 | 7 |
_aالوعظ والإرشاد _2aucsh |
|
| 700 | 1 |
_aالجراح، محمد بن سليمان، _d1902-1996 _eمقدم. |
|
| 700 | 1 |
_aالعجمي، محمد بن ناصر _eمحقق. |
|
| 942 |
_2ddc _cBOOK _n0 |
||
| 949 |
_aSA-JeALM _d250714 _uosman123 _n1 |
||
| 999 |
_c9984 _d9984 |
||